00614nam a2200217 a 450000100060000000300080000600500170001400800410003103500190007204000270009104100080011808200220012610000280014824500540017625000130023026000660024330000290030950400200033865000150035870000230037317410BD-RjUL20211209000132.0200127s1969 nyua b 001 0 eng d a(BD-RjUL)17468 aDLCcWSUdBD-RjULbeng aeng a669bJOM 19692231 aJohnson, Carl G.d1897-14a metallurgy /cby Carl G Johnson; Willium R Weeks a4rth ed. a Chicago ; New York :bChicago American Technical Soc.,c1969 a454 p. :bill. ;c24 cm. aIncludes index. aMetallurgy aWeeks, Willium R.